| 000 | 00499nam a22001817a 4500 | ||
|---|---|---|---|
| 003 | CEME | ||
| 005 | 20210628202622.0 | ||
| 008 | 210115b xxu||||| |||| 00| 0 eng d | ||
| 020 | _a9788177227123 | ||
| 040 | _c. | ||
| 082 | _a005.14 PUS | ||
| 100 |
_aPusuluri, Nageswara Rao _960774 |
||
| 245 | _aSoftware testing concepts and tools | ||
| 260 |
_aINDIA _bDREAMTECH PRESS _c2015 |
||
| 300 | _aXXIII, 462P | ||
| 650 |
_aSOFTWARE TESTING CONCEPTS.SOFTWARE TESTING TOOLS _960775 |
||
| 942 |
_cBK _2ddc |
||
| 999 |
_c570418 _d570418 |
||